000 00558nam a2200217Ia 4500
008 101110s9999 xx 000 0 und d
041 _aENGLISH
082 _bSR29752
100 _aChopde L.N.; Choudhari D.H. and others
245 _aFinancial management (TYBCOM)
260 _c2006
_bSheth Publishers, Mumbai
300 _a826
365 _b200
520 _aCommerce
546 _aENGLISH
630 _aFinancial management (TYBCOM)
650 _aCommerce
655 _aCommerce
730 _aFinancial management (TYBCOM)
942 _cBOOK
999 _c822260
_d822257